Classifica Serie B 2018-2019 - Statistics

Statistiche generali
  • Questo quiz è stato fatto 26 volte
  • Il punteggio medio è 14 su 19
Statistiche sulle risposte
Squadra Punti Vinte Pareggiate Perse Gol fatti Gol subiti % Corretto
Hellas Verona 52 13 13 10 49 46
94%
Benevento 60 17 9 10 61 45
88%
Brescia 67 18 13 5 69 42
88%
Lecce 66 19 9 8 66 45
88%
Palermo 43 16 15 5 57 38
88%
Perugia 50 14 8 14 49 49
88%
Crotone 43 11 10 15 40 42
81%
Salernitana 38 10 8 18 41 57
81%
Cittadella 51 12 15 9 49 38
75%
Cremonese 49 12 13 11 37 33
75%
Pescara 55 14 13 9 50 46
75%
Venezia 38 9 14 14 35 56
75%
Ascoli 43 10 13 13 40 56
69%
Spezia 51 14 9 13 53 46
69%
Foggia 37 10 13 13 44 49
63%
LIvorno 39 9 12 15 38 51
63%
Padova 31 5 16 15 36 49
63%
Cosenza 46 11 13 12 34 42
56%
Carpi 29 7 8 21 39 67
38%
Nessun quiz corrispondente trovato
Distribuzione punteggi
Percentuale di utenti per punteggio
Percentile per numero di risposta
I tuoi punteggi nel tempo
Non hai fatto questo quiz